000 00634cam a2200169 i 4500
999 _c8378
_d8378
020 _a9780956240194 (pbk.)
020 _a0956240194 (pbk.)
050 0 0 _aPR9379.9.A35
_bAi2
100 1 _aAidoo, Ama Ata,
245 1 0 _aDiplomatic pounds & other stories /
_cAma Ata Aidoo.
260 _aUK
_AAyebia Clarke Publication Ltd
_c2012
300 _avi, 170 pages ;
_c20 cm
505 0 _aNew lessons -- No nuts -- Diplomatic pounds -- Did you ever?! -- Outfoxed -- Recipe for a stone meal -- Feely-feely -- Rain -- One or two bourgeois concerns -- Funny-less -- Mixed messages -- Delight.
650 0 _aWomen
650 7 _aWomen.
942 _cBK